000 00806nam a2200205 i 4500
001 156749
003 ES-MaACL
005 20250806070429.0
008 020726s1879 sp |||| | spa d
040 _aCCPB | B
_bspa
_cCCPB | B
100 1 _aLabadie-Lagrave, Frédéric (
_dn. 1844)
_9128534
245 1 0 _aDel frio en terapéutica /
_cpor F. Labadie-Lagrave.
260 _aMadrid :
_b[s.n.],
_c1879 (
_fImprenta de Enrique Teodoro)
300 _a163 p. ;
_c22 cm.
490 1 _aBiblioteca Económica de Medicina y Cirujía
650 4 _aFrío-
_xUso terapéutico.
_9136140
830 0 _aBiblioteca económica de medicina y cirujía
_9186248
852 _aES-MaACL
_jB-12700(3)
_z-- Enc. pasta española
_q-- Falto de la cub. original
_z-- Enc. en un vol. facticio
999 _c156749
_d156749